000 01602nam a2200469 i 4500
001 15703
003 KOSZ 005
005 20200706112509.0
008 200424s1973 pl a f 001 0 pol
015 _aUWD 1973/9873
035 _a991010562709705066
035 _a(PL-WaBN)b12879472-48omnis_nlop
035 _ab12879472
035 _a(OCoLC)830237350
035 _a(PL)b0000001287947
035 _a(EXLNZ-48OMNIS_NETWORK)9910353928105606
040 _aWA N
_cWA N
_dKOSZ 005/RW
046 _k1973
080 _a343(438)
100 1 _aAndrejew, Igor
_d(1915-1995)
_eAutor
245 1 0 _aKodeks karny z komentarzem /
_cIgor Andrejew, Witold Świda, Władysław Wolter.
260 _aWarszawa :
_bWydawnictwo Prawnicze,
_c1973.
300 _aVI, [2], 999 stron :
_bilustracje ;
_c25 cm.
336 _aTekst
_btxt
_2rdacontent
337 _aBez urządzenia pośredniczacego
_bn
_2rdamedia
338 _aWolumin
_bnc
_2rdacarrier
380 _aKsiążki
380 _aPublikacje fachowe
388 _a1901-2000
388 _a1945-1989
504 _aBibliografia przy rozdziałach. Indeks.
650 7 _aPrawo karne
_2DBN
651 7 _aPolska
655 7 _aKomentarz prawny
658 _aPrawo i wymiar sprawiedliwości
700 1 _aŚwida, Witold
_d(1899-1989)
_eAutor
700 1 _aWolter, Władysław
_d(1897-1986)
_eAutor
710 2 _aWydawnictwo Prawnicze
_4pbl
856 _uhttp://koha.tu.koszalin.pl/cgi-bin/koha/opac-detail.pl?biblionumber=15703
_yKatalog online BPK
942 _2UKD
_cKS
999 _c15703
_d15703